Proceedings of the International workshop on stellar spectral libraries ( IWSSL 2017), February 6-10, 2017, Campos do (Record no. 19397)

MARC details
000 -LEADER
fixed length control field 00746nam a2200205Ia 4500
003 - CONTROL NUMBER IDENTIFIER
control field IN-BaIIA
008 - FIXED-LENGTH DATA ELEMENTS--GENERAL INFORMATION
fixed length control field 211028s9999 xx 000 0 eng d
020 ## - INTERNATIONAL STANDARD BOOK NUMBER
International Standard Book Number 978-81-935285-1-8
040 ## - CATALOGING SOURCE
Transcribing agency IIA Library
080 ## - UNIVERSAL DECIMAL CLASSIFICATION NUMBER
Universal Decimal Classification number 082.2:52
Item number ASI-14
245 #0 - TITLE STATEMENT
Title Proceedings of the International workshop on stellar spectral libraries ( IWSSL 2017), February 6-10, 2017, Campos do
Statement of responsibility, etc. edited by P. Coelho..[et.al]
260 ## - PUBLICATION, DISTRIBUTION, ETC.
Place of publication, distribution, etc. Bangalore
Name of publisher, distributor, etc. Astronomical Society of India
Date of publication, distribution, etc. 2017
300 ## - PHYSICAL DESCRIPTION
Extent viii, 104p.
650 ## - SUBJECT ADDED ENTRY--TOPICAL TERM
Topical term or geographic name entry element Solar system
650 ## - SUBJECT ADDED ENTRY--TOPICAL TERM
Topical term or geographic name entry element Stellar spectral libraries
9 (RLIN) 37081
700 ## - ADDED ENTRY--PERSONAL NAME
Personal name Coelho,P., ed.
9 (RLIN) 37082
700 ## - ADDED ENTRY--PERSONAL NAME
Personal name Griffin, E. ed.,
9 (RLIN) 37083
700 ## - ADDED ENTRY--PERSONAL NAME
Personal name Martins,L., ed.
9 (RLIN) 37084
942 ## - ADDED ENTRY ELEMENTS (KOHA)
Koha item type Books
Holdings
Withdrawn status Lost status Damaged status Not for loan Home library Current library Shelving location Date acquired Source of acquisition Cost, normal purchase price Total Checkouts Full call number Barcode Date last seen Cost, replacement price Price effective from Koha item type Purchase Price
        IIA Library-Bangalore IIA Library-Bangalore General Stacks 26/02/2019 ANJ 2417.00   082.2:52/ ASI-14 20319 05/11/2021 2417.00 26/02/2019 Books Rs. 2417.00

Powered by Koha